000
00348pam a2200157a 44500
008
230515b2007 xxu||||| |||| 00| 0 eng d
020
_a
NULL
041
_a
ENGLISH
082
_a
NULL
100
_a
LEHRI M.S.
245
_a
DESIGN IDEAS JUNE 1995.
250
_a
1968
260
_a
PUNE
_b
LEA AND FEBIGER
_c
2007
300
_a
50
650
_a
NULL
999
_c
478463
_d
478463